| 000 | 00615nam a22001937a 4500 | ||
|---|---|---|---|
| 005 | 20251108175338.0 | ||
| 008 | 250721s2015 xx 000 0 ara d | ||
| 082 | 1 | 4 | _a303.64/حوا |
| 100 | 1 | _aحواتمة، نايف | |
| 245 | 1 | 0 | _aالثورات العربية لم تكتمل : مسارات و استعصاءات / |
| 250 | _aط.4. | ||
| 264 | 1 |
_aدمشق : _bدار الفرات للنشر و التوزيع، _c2015. |
|
| 300 | _a528 ص. | ||
| 650 | 1 | 7 | _aالثورات |
| 650 | 1 | 7 | _aالتغير الإجتماعي |
| 650 | 1 | 7 | _aالبلدان العربية |
| 942 |
_2ddc _cBK |
||
| 999 |
_c131948 _d131948 |
||